00669nam a2200241 a 4500001001300000003000900013005001700022008004100039020001000080082001500090100002100105245003800126260003700164300000900201500003500210505001000245650002600255700002100281902000800302942000700310952009500317999001500412nice12345678IN_TiNIC20260116012115.0050524s1886 lona grp 000 0 eng  ac10000a231.7bBRU aBruce, A Balmain aMiraculous Element in the Gospels aLondonbHodder & Stoughtonc1886 a391p aincludes index and biblioraphy2 aIndex aJesus Christ-Miracles1 aBruce, A Balmain bSRS cBK 00104070aHMIbHMId2007-06-15g100.00l0o231.7 BRUp8341r2007-06-15w2026-01-16yARB c5667d5667